| 000 -LEADER |
| fixed length control field |
02025cam a2200373 a 4500 |
| 001 - CONTROL NUMBER |
| control field |
5307333 |
| 003 - CONTROL NUMBER IDENTIFIER |
| control field |
OSt |
| 005 - DATE AND TIME OF LATEST TRANSACTION |
| control field |
20211027161411.0 |
| 008 - FIXED-LENGTH DATA ELEMENTS--GENERAL INFORMATION |
| fixed length control field |
041101s2005 njua b 001 0 eng |
| 010 ## - LIBRARY OF CONGRESS CONTROL NUMBER |
| LC control number |
2004063209 |
| 020 ## - INTERNATIONAL STANDARD BOOK NUMBER |
| International Standard Book Number |
8129709759 |
| 035 ## - SYSTEM CONTROL NUMBER |
| System control number |
(OCoLC)ocm56924768 |
| 035 ## - SYSTEM CONTROL NUMBER |
| System control number |
(NNC)5307333 |
| 038 ## - RECORD CONTENT LICENSOR |
| Staff Name |
khadija |
| 040 ## - CATALOGING SOURCE |
| Original cataloging agency |
DLC |
| Transcribing agency |
DLC |
| Modifying agency |
C#P |
| -- |
OrLoB-B |
| 050 00 - LIBRARY OF CONGRESS CALL NUMBER |
| Classification number |
TK7888.4 |
| Item number |
.K36 2005 |
| 082 00 - DEWEY DECIMAL CLASSIFICATION NUMBER |
| Classification number |
621.395 |
| Edition number |
22 |
| Author Mark |
KAT |
| 100 1# - MAIN ENTRY--PERSONAL NAME |
| Personal name |
Katz, Randy H., |
| Dates associated with a name |
1955- |
| 9 (RLIN) |
83512 |
| 245 10 - TITLE STATEMENT |
| Title |
Contemporary Logic Design / |
| Statement of responsibility, etc. |
Randy H. Katz, Gaetano Borriello. |
| 250 ## - EDITION STATEMENT |
| Edition statement |
2nd ed. |
| 260 ## - PUBLICATION, DISTRIBUTION, ETC. |
| Place of publication, distribution, etc. |
Upper Saddle River, N.J. : |
| Name of publisher, distributor, etc. |
Pearson Prentice Hall, |
| Date of publication, distribution, etc. |
c2005. |
| 300 ## - PHYSICAL DESCRIPTION |
| Extent |
xviii, 590 p. : |
| Other physical details |
ill. ; |
| Dimensions |
25 cm. |
| 504 ## - BIBLIOGRAPHY, ETC. NOTE |
| Bibliography, etc. note |
Includes bibliographical references and index. |
| 505 00 - FORMATTED CONTENTS NOTE |
| Miscellaneous information |
Ch. 1. |
| Title |
Introduction -- |
| Miscellaneous information |
Ch. 2. |
| Title |
Combinational logic -- |
| Miscellaneous information |
Ch. 3. |
| Title |
Working with combinational logic -- |
| Miscellaneous information |
Ch. 4. |
| Title |
Combinational logic technologies -- |
| Miscellaneous information |
Ch. 5. |
| Title |
Case studies in combinational logic design -- |
| Miscellaneous information |
Ch. 6. |
| Title |
Sequential logic design -- |
| Miscellaneous information |
Ch. 7. |
| Title |
Finite state machines -- |
| Miscellaneous information |
Ch. 8. |
| Title |
Working with finite state machines -- |
| Miscellaneous information |
Ch. 9. |
| Title |
Sequential logic technologies -- |
| Miscellaneous information |
Ch. 10. |
| Title |
Case studies in sequential logic design -- |
| Miscellaneous information |
App. A. |
| Title |
Number systems -- |
| Miscellaneous information |
App. B. |
| Title |
Basic electronics -- |
| Miscellaneous information |
App. C. |
| Title |
Flip-flop types. |
| 520 1# - SUMMARY, ETC. |
| Summary, etc. |
"Although the complexity of designs is necessitating ever more powerful abstractions, the fundamentals remain unchanged. The contemporary digital designer must have a much broader understanding of the discipline of computation, including both hardware and software. This broader perspective is present in this second edition."--BOOK JACKET. |
| 563 ## - BINDING INFORMATION |
| Binding note |
PB |
| 650 #0 - SUBJECT ADDED ENTRY--TOPICAL TERM |
| Topical term or geographic name entry element |
Electronic digital computers |
| General subdivision |
Circuits |
| -- |
Design. |
| 9 (RLIN) |
83513 |
| 650 #0 - SUBJECT ADDED ENTRY--TOPICAL TERM |
| Topical term or geographic name entry element |
Integrated circuits |
| General subdivision |
Very large scale integration |
| -- |
Design |
| -- |
Data processing. |
| 9 (RLIN) |
10557 |
| 650 #0 - SUBJECT ADDED ENTRY--TOPICAL TERM |
| Topical term or geographic name entry element |
Logic design |
| General subdivision |
Data processing. |
| 9 (RLIN) |
2936 |
| 650 #0 - SUBJECT ADDED ENTRY--TOPICAL TERM |
| Topical term or geographic name entry element |
Computer-aided design. |
| 9 (RLIN) |
10558 |
| 700 1# - ADDED ENTRY--PERSONAL NAME |
| Personal name |
Borriello, Gaetano. |
| 9 (RLIN) |
83514 |
| 900 ## - EQUIVALENCE OR CROSS-REFERENCE-PERSONAL NAME [LOCAL, CANADA] |
| Numeration |
TOC |
| 942 ## - ADDED ENTRY ELEMENTS (KOHA) |
| Source of classification or shelving scheme |
|
| Koha item type |
Book |